000 00303nam a2200133Ia 4500
003 OSt
008 191201s2000 xx 000 0 und d
100 _aLYNCH, Peter
245 0 _aOne Up on Wall Street
260 _aN. Delhi
_bSimon & Schuster
_c2000
300 _a304
650 _aNCFM
942 _2ddc
_cBK
999 _c6674
_d6674